[Event "Bundesliga 0001"]
[Site "Germany"]
[Date "2001.03.10"]
[Round "10.1"]
[White "Dautov, Rustem"]
[Black "Shirov, Alexei"]
[Result "1/2-1/2"]
[WhiteElo "2606"]
[BlackElo "2746"]
[Annotator "Dautov,R"]
[PlyCount "63"]
[EventDate "2000.10.14"]
[EventType "team-tourn"]
[EventRounds "15"]
[EventCountry "GER"]
[SourceTitle "CBM 082"]
[Source "ChessBase"]
[SourceDate "2001.05.17"]
[SourceVersion "1"]
[SourceVersionDate "2001.05.17"]
[SourceQuality "1"]
[WhiteTeam "Godesberg"]
[BlackTeam "Luebeck"]
[WhiteTeamCountry "GER"]
[BlackTeamCountry "GER"]

1. d4 d5 2. c4 dxc4 3. Nf3 Nf6 4. e3 e6 5. Bxc4 c5 6. O-O a6 7. Bb3 cxd4 8.
exd4 Nc6 9. Nc3 Be7 10. a3 O-O 11. Bf4 {Eine seltene Fortsetzung, meistens
wird 11.Re1 gespielt.} (11. Re1) 11... Nd5 $6 $146 {Eine zweifelhafte Neuerung.
Schwarz ist bereit einen Bauern zu opfern, bekommt aber keine vollwertige
Kompensation dafür.} ({Nach dem Planzug} 11... Na5 {bleibt die Stellung im
Gleichgewicht:} 12. Ba2 b5 13. d5 exd5 14. Nxd5 Nxd5 15. Bxd5 Bb7 (15... Ra7
16. Ne5 Bb7 17. Bxb7 Rxb7 18. Qf3 $14) 16. Bxb7 Nxb7 17. Ne5 (17. Rc1 $5) 17...
Qxd1 18. Rfxd1 Rfe8 19. Nd7 Nc5 20. Nb6 Rad8 21. Nd5 Bf8 22. Kf1 Ne6 23. Be3 f5
24. Rac1 Rc8 25. Bb6 Kf7 $11 {Tkachiev,V-Ponomariov,R/Enghien-les-Bains 1999})
12. Bxd5 $1 (12. Nxd5 exd5 13. Re1 Bg4 $11) 12... exd5 13. Ne5 $2 {Dieser
unprinzipielle Zug bringt nichts ein.} ({Kritisch war} 13. Qb3 $1 Be6 14. Qxb7
Na5 15. Qc7 Qxc7 16. Bxc7 Nc4 17. Rfe1 $1 {Ein wichtiger Zwischenzug.} (17. b4
$2 Rfc8 18. Bg3 a5 $11) 17... Rfe8 $1 (17... Nxb2 $2 18. Nxd5 Bxd5 19. Rxe7 $16
) 18. Nd1 $1 {Dieser starke und logische Zug entging meiner Aufmerksamkeit.
Weiß verteidigt seinen schwachen Bauern b2 und konsolidiert seine Stellung.} (
18. b4 $2 Rac8 19. Bg3 Nxa3 20. Rxa3 (20. Nxd5 Nc2 $17) 20... Bxb4 $15) (18.
Na4 Rac8 19. Bg3 Bd7 20. Nc5 Bxc5 21. Rxe8+ Bxe8 22. dxc5 Nxb2 $11) 18... Rac8
19. Bf4 a5 ({Nach} 19... Bg4 {hat Weiß die angenehme Wahl zwischen 20.Ne3 und
20.Ne5.} 20. Ne3 (20. Ne5 Nxe5 21. Rxe5 Be6 22. Re2 $14) 20... Nxe3 21. Rxe3
$14) 20. h3 a4 21. Rc1 $14 {Schwarz kann keine ausreichende Kompensation
nachweisen.}) 13... Nxe5 14. Bxe5 Be6 $11 15. Qb3 (15. Rc1 Rc8 16. Na4 Qa5 $11)
15... b5 16. Ne2 f6 17. Bg3 Rc8 $6 ({Genauer war} 17... Qd7 $1 {, wonach sich
Weiß um den Ausgleich kümmern muß.} 18. a4 $5 b4 19. Nf4 Bf7 20. Nd3 Rfc8 21.
Rac1 Rc4 22. Nc5 Bxc5 23. dxc5 a5 24. Bd6 $11) 18. a4 b4 (18... bxa4 $6 19.
Qxa4 Ra8 20. Qc6 $14) (18... Qd7 $6 19. axb5 Qxb5 20. Qxb5 axb5 21. Ra5 $14)
19. Qd3 Rc6 (19... a5 {schwächt zwar den schwarzen Damenflügel, war aber auch
möglich:} 20. Rfc1 (20. Qa6 Bf7) 20... Bf7 (20... Qd7 $6 21. Qb5 $14) 21. h3
Re8 22. Qb5 Bf8 $11) 20. Rfc1 Qd7 21. Rxc6 Qxc6 22. Rc1 $1 Qxa4 23. Qe3 Kf7 $1
{Die weiße Initiative sieht gefährlich aus, aber Shirov berechnete weit und
sah bereits hier die beste Verteidigung.} ({Nach} 23... Bf7 $6 24. Qxe7 Re8 25.
Qa7 $1 {(Shirov) geriet Schwarz in Gefahr und müßte einige genaue
Verteidigungszüge finden:} Rxe2 26. h3 Qe8 $1 (26... h6 27. Kh2 $1 Qe8 (27...
Rc2 28. Re1 $16) 28. Qxa6 $16) 27. Rc7 Re6 $1 (27... Qe6 28. Qb8+ Be8 29. Qb7
Bf7 30. Rc6 $16) 28. Qb7 Qf8 $14) 24. Nf4 Qd7 $1 (24... Bd7 $6 25. Nxd5 Re8 26.
Nc7 Rc8 27. Qe4 $40) 25. Re1 Re8 $1 (25... Bf5 $6 26. Nxd5 Qxd5 27. Qxe7+ Kg8
28. Qxb4 $16) 26. Nxe6 (26. Qxe6+ Qxe6 27. Rxe6 g5 28. Rxa6 gxf4 29. Bxf4 Bc5
$1 30. Kf1 Bxd4 31. Ra4 $11) 26... Bf8 27. Ng5+ fxg5 28. Qf3+ Kg6 $1 (28... Kg8
29. Rxe8 Qxe8 30. Qxd5+ Qf7 31. Qe5 $14 (31. Qxg5 Qb3 $11)) 29. Qd3+ {Es gibt
nichts Besseres als Dauerschach.} Kf7 30. Qf3+ (30. Rxe8 Kxe8 31. Qxh7 Qe6 32.
h3 a5 $11) 30... Kg6 31. Qd3+ Kf7 32. Qf3+ 1/2-1/2

[Event "SWE-ch"]
[Site "Linkoping"]
[Date "2001.07.12"]
[Round "12"]
[White "Brynell, Stellan"]
[Black "Akesson, Ralf"]
[Result "0-1"]
[WhiteElo "2489"]
[BlackElo "2463"]
[Annotator "Dautov,R"]
[PlyCount "80"]
[EventDate "2001.06.30"]
[EventType "tourn"]
[EventRounds "13"]
[EventCountry "SWE"]
[EventCategory "8"]
[SourceTitle "CBM 085"]
[Source "ChessBase"]
[SourceDate "2001.11.13"]
[SourceVersion "1"]
[SourceVersionDate "2001.11.13"]
[SourceQuality "1"]

{[%mdl 32768]} 1. e4 c6 2. d4 d5 3. exd5 cxd5 4. c4 Nf6 5. Nc3 e6 6. Nf3 Bb4 7.
Bd3 O-O 8. O-O dxc4 9. Bxc4 a6 10. a4 Nc6 11. Bg5 h6 12. Bh4 Be7 {Eine
logische Fortsetzung: Schwarz entkräftet die Fesselung und bereitet das
typische Entlastungsmanöver Nf6-h5 vor.} 13. Re1 (13. Rc1 Nh5 $1 14. Bxe7 Nxe7
15. Ne5 Nf6 16. Qd3 Bd7 17. Ba2 Rc8 18. Rfd1 Bc6 19. Bb1 Re8 $1 20. h3 {
Nisipeanu,L-Dautov,R/Elista 1998} Kf8 $1 $15) 13... Bd7 (13... Nd5 14. Bg3 $14)
({In Frage kommt das sofortige} 13... Nh5 $5 14. Bxe7 Nxe7) 14. Qe2 {Weiß läßt
das o.g. Manöver zu.} ({Anspruchsvoller ist} 14. Bg3 Nb4 15. Ne5 Be8 16. Bb3
Rc8 17. Qf3 Bc6 18. Nxc6 bxc6 19. Red1 a5 20. Rac1 Qb6 21. Bc4 Rfd8 $11 {
Pinter,J-Psakhis,L/Las Palmas 1982}) (14. Ne5 $5) 14... Nh5 $1 15. Bxe7 Nxe7
16. Ne5 Nf6 $11 {Der Läuferabtausch verbesserte die schwarze Stellung: weder
die Drohungen auf der Diagonale b1-h7, noch der Zentrumsvorstoß d4-d5 sind für
den Nachziehenden gefährlich. Nach der Einleitung Bd7-c6 will sich Schwarz in
aller Ruhe dem anfälligen Isolani d4 widmen.} 17. Ne4 (17. Rad1 Qc7 18. Ba2
Rad8 19. Qd3 Bc6 20. Qc4 Rd6 21. b4 Qd8 22. b5 Bd5 23. Nxd5 Nexd5 $11 {
Reinderman,D-Iordachescu,V/Ohrid 2001}) 17... Nxe4 18. Qxe4 Bc6 19. Nxc6 bxc6
20. Bd3 g6 21. a5 $1 {[%csl Ra6] Fixiert die Schwäche a6.} Qd6 $6 ({
Vorsichtiger war} 21... Qd7 22. Qe2 Ra7 $11) 22. Qe2 $1 {Dieser Tausch ist für
Weiß günstig.} (22. Rec1 Rfb8 23. Rc2 Rb4 $15 {[%csl Ra5,Rb2,Rd4]}) 22... Qxd4
23. Bxa6 Rfb8 24. Red1 Qf6 (24... Qxb2 $2 25. Rd8+ $16) 25. Rd2 $2 {Nach
diesem Fehler übernimmt Schwarz die Initiative.} ({Korrekt war} 25. Ra2 $1 Nd5
26. Bc4 $14) 25... Nd5 $1 26. g3 $6 ({Nach dem rechtzeitigen Bauernopfer} 26.
Bc4 $1 Nf4 27. Qe1 Rxb2 28. Rxb2 Qxb2 $15 {dürfte Weiß problemlos Remis halten
können.}) 26... Qd8 $1 {[%csl Ra5] ><a5 Weiß bekam ernsthafte Probleme wegen
der Schwäche a5. Es droht Ra7 und Rba8.} 27. Rd4 $6 Ra7 28. Rda4 Qf6 (28...
Rba8 $1 29. Bc4 Rxa5 30. Rxa5 Rxa5 31. Rxa5 Qxa5 $17) 29. Bc4 Rxb2 30. Qe1 Nc3
31. R4a3 Ne4 32. Be2 h5 33. a6 h4 34. Rc1 ({Der Tausch des aktiven schwarzen
Turms war absolut notwendig.} 34. R3a2 $1 Rxa2 35. Rxa2 Nc3 36. Ra3 Nxe2+ 37.
Qxe2 $15) 34... h3 $1 35. Rf3 $2 (35. Re3 $142) 35... Qd4 $17 36. Re3 (36. Rxc6
Nd2 37. Rc8+ Kg7 38. Re3 Qd5 39. f3 Qd4 $19) 36... Nd2 37. Rxc6 Qd5 38. Rc8+
Kh7 39. Bf1 Rb1 40. Rc1 Nxf1 0-1

[Event "EU-ch 6th"]
[Site "Warsaw"]
[Date "2005.06.23"]
[Round "6"]
[White "Dautov, Rustem"]
[Black "Mista, Aleksander"]
[Result "1-0"]
[WhiteElo "2609"]
[BlackElo "2497"]
[Annotator "Dautov,R"]
[PlyCount "113"]
[EventDate "2005.06.18"]
[EventType "swiss"]
[EventRounds "13"]
[EventCountry "POL"]
[SourceTitle "CBM 108"]
[Source "ChessBase"]
[SourceDate "2005.09.26"]
[SourceVersion "1"]
[SourceVersionDate "2005.09.26"]
[SourceQuality "1"]

1. d4 d5 2. c4 dxc4 3. Nf3 Nf6 4. e3 e6 5. Bxc4 c5 6. O-O a6 7. Bb3 Nbd7 {
Ein seltener Zug. Im Unterschied zu den Hauptfortsetzungen 7...b5 und 7...cxd4
legt Schwarz seine Entwicklungsmethode noch nicht fest.} 8. e4 {Ein logisches
Bauernopfer. Die Praxis zeigt, daß 8. Qe2 zu langsam ist.} (8. Qe2 b5 9. e4 Bb7
10. d5 c4 $11) 8... Nxe4 9. Qe2 $1 $146 {[%mdl 8] Diese starke Neuerung fand
ich vor kurzem, bisher wurde hier ausschließlich 9.Re1 gespielt. Der Textzug
dient dazu, die Möglichkeit 9...Nef6 auszuschließen.} ({Nach} 9. Re1 Nef6 $1
10. d5 Nb6 11. dxe6 Bxe6 {entsteht ein Endspiel in dem Weiß nur eine leichte
Initiative besitzt.}) 9... Nd6 (9... Ndf6 10. Bc2 Qd5 11. Re1 Nd6 12. Nc3 $36)
({Hier ist} 9... Nef6 $2 {unerfreulich für Schwarz, nach} 10. d5 Nb6 11. dxe6
Bxe6 12. Bxe6 fxe6 13. Qxe6+ $16 {entfaltet Weiß einen starken Angriff.}) 10.
d5 e5 11. Nxe5 Be7 12. Nxd7 ({Schwächer ist} 12. Re1 $6 O-O 13. Nc6 $5 (13.
Nxd7 Qxd7 $11 14. Qxe7 $4 Re8) 13... bxc6 14. Qxe7 Qxe7 15. Rxe7 Nf5 16. Re1
cxd5 17. Bxd5 Rb8 $11 {, und Schwarz gleicht aus.}) 12... Qxd7 13. Nc3 $1 {
Ein logischer Entwicklungszug, der gleichzeitig die Drohung 14.Na4 aufstellt.}
b5 (13... O-O $2 14. Na4 Qc7 15. Nxc5 $16) 14. Bg5 {Bevor Schwarz rochieren
darf, wird er noch zur Schwächung f7-f6 gezwungen.} f6 15. Bf4 O-O 16. Rfe1 Rf7
17. a4 $1 $16 {Dieser energischer Zug besiegelt den klaren weißen
Stellungsvorteil. Leider endete hier meine Computeranalyse, so daß die
Umsetzung des Vorteils nicht fehlerlos ablief.} c4 (17... b4 18. Ne4 $16) 18.
Bc2 Bb7 (18... b4 19. Ne4 b3 20. Bb1 $16) 19. Qe6 $2 {Diese Entscheidung ist
falsch, deutlich mehr versprach 19.axb5!} (19. axb5 $1 axb5 (19... Nxb5 20.
Qxc4 Nxc3 21. Qxc3 Bxd5 (21... Qxd5 $2 22. Qh3 $18) 22. Qd3 g6 23. Bb3 Rd8 24.
Red1 $18) 20. Rxa8+ Bxa8 21. Qe6 Qxe6 22. Rxe6 $1 b4 (22... Nc8 23. d6 Bf8 24.
Re8 Nb6 25. Be3 $18) 23. Bxd6 Bxd6 24. Rxd6 bxc3 25. bxc3 $16) 19... Qxe6 20.
dxe6 Rff8 21. Rad1 Rfd8 22. Nd5 Bxd5 23. Rxd5 $14 Rab8 $2 {Erlaubt eine
gefährliche Fesselung, vorsichtiger und besser war 23...bxa4.} (23... bxa4 24.
Bxa4 Nb5 25. Rd7 Kf8 $14) 24. Red1 Rb6 25. a5 Rc6 26. Be4 $1 {Stellt eine
tödliche Drohung 27.Bf3, 28.R4d4 auf, weswegen Schwarz zu taktischen Mitteln
greifen muß, um sich zu befreien.} c3 (26... g5 27. Bg3 Nxe4 28. Rxd8+ Kg7 29.
Rb8 Rxe6 30. Rb6 Kf7 31. Re1 Rxb6 32. axb6 Nc5 33. f3 a5 34. Kf1 $16) 27. bxc3
g5 28. Bg3 b4 $2 (28... Rxc3 29. h4 Nb7 30. Rd7 Rxd7 31. exd7 (31. Rxd7 Nc5 $16
) 31... Nd8 32. hxg5 fxg5 33. Be5 Ra3 34. Rc1 $16) 29. cxb4 $2 {Mit 29.R5d4
könnte ich eine Qualität und damit die Partie gewinnen. Nach dem Textzug kann
Mista in ein Turmendspiel mit einem Minusbauern entwischen.} (29. Bxd6 Rcxd6
30. cxb4 Rxd5 31. Rxd5 Rxd5 32. Bxd5 Kf8 33. b5 axb5 34. Kf1 Bc5 35. Ke2 Ke7
$16) (29. R5d4 $1 Rxc3 (29... Nxe4 30. Rxd8+ Kg7 31. R8d7 Rxe6 32. cxb4 $18)
30. h4 Rxg3 31. fxg3 $18) 29... Nxe4 30. Rxd8+ Bxd8 31. Rxd8+ Kg7 32. Rd7+ Kg6
33. Rc7 Rxe6 34. f3 Nxg3 35. hxg3 Re2 $1 (35... Re1+ 36. Kf2 Rb1 37. Rb7 Rb2+
38. Ke3 Rxg2 39. Rb6 Rb2 40. g4 Rb3+ 41. Kd4 $18) 36. g4 Rb2 37. Rb7 h5 38.
gxh5+ (38. Rb6 $2 h4 $1 39. Kh2 Kf7 40. Kh3 Rb3 41. Rxa6 Rxb4 42. g3 hxg3 43.
Rb6 Ra4 44. a6 Ra2 45. Kxg3 Kg6 $11) 38... Kxh5 39. Kh2 Kg6 $2 {Das sieht nach
einem entscheidenen Fehler aus. Mit dem zügigen f5-f4 konnte sich Schwarz
retten.} (39... f5 $1 40. Rb6 f4 41. Rxa6 (41. Kh3 Rb3 $1 42. g4+ fxg3 43. Kxg3
Rb2 $11) 41... Rxb4 42. Ra8 Ra4 43. a6 Kg6 44. a7 (44. Kh3 Ra2 $1 45. a7 Kh7
46. Kg4 Rxg2+ 47. Kf5 Ra2 48. Kxg5 Ra4 $11) 44... Kg7 45. Kg1 Ra2 46. Kf1 Kh7
47. Ke1 Kg7 48. Kd1 Kh7 49. Kc1 Kg7 50. Kb1 Ra6 51. Kb2 Kh7 52. Kb3 Kg7 53. Kb4
Kh7 54. Kc5 Kg7 55. Kd5 Kh7 56. Ke5 Kg7 57. Kf5 Ra5+ 58. Kg4 Kh7 59. Kh5 Kg7
60. Rb8 Rxa7 61. Rb5 Kf6 62. Rxg5 Ra2 $11) 40. Rb6 {[%mdl 4096]} Kf5 41. Kh3
Kg6 42. Kg3 Kf5 43. Kh2 {Das Dreiecksmanöver dient dazu, die erwünschte
Stellung W.Kh3, Pg3 - S.Kf5 zu erreichen.} Ke5 (43... Kg6 44. Kh3 Kf5 45. g4+
Kg6 46. Kg3 Kf7 47. Rxa6 Rxb4 48. Kf2 Ra4 (48... Rb3 49. Rb6 Ra3 50. Rb5 Ke6
51. Rf5 $18) 49. Ra8 Ra3 50. a6 Kg7 51. Ke2 Kf7 (51... Kh7 52. Kd2 Rxf3 53. Rf8
$18) 52. Kd2 Kg7 53. Kc2 Rxf3 54. Rc8 Ra3 55. Rc6 f5 56. gxf5 Ra5 57. Kb3 Rxf5
58. Kb4 Rf1 59. Kc5 g4 60. a7 Ra1 61. Kb6 $18) 44. Kh3 Kf5 (44... f5 45. Kg3 $1
(45. g3 f4 $11) (45. g4 Rb3 46. Rxa6 Rxb4 $11) 45... Rb3 46. Rxa6 Rxb4 47. Ra8
Ra4 48. a6 Kf6 49. Kf2 f4 50. Ke2 Ra3 51. Kd2 Kg7 52. Kc2 $18) 45. g3 Rb3 {
Schwarz ist gezwungen, den weißen König zu befreien.} 46. g4+ Ke5 (46... Kg6
47. Kg2 $18) 47. Kg3 Rb2 48. Rxa6 Rxb4 49. Ra8 $18 Rb1 (49... Ra4 50. a6 Kd6
51. a7 Kc7 52. Rf8 Rxa7 53. Rxf6 Kd8 54. Rf8+ Ke7 55. Rf5 $18) 50. Re8+ (50. a6
Rg1+ 51. Kf2 Ra1 52. a7 Kf4 53. Re8 $18) 50... Kd6 51. a6 Rg1+ 52. Kf2 Ra1 53.
Ra8 Ra2+ 54. Ke3 f5 55. gxf5 Ra3+ 56. Kd2 Kc7 57. f6 1-0

[Event "FIDE-Wch k.o."]
[Site "Moscow"]
[Date "2001.11.27"]
[Round "1.1"]
[White "Dautov, Rustem"]
[Black "Gurevich, Dmitry"]
[Result "1-0"]
[WhiteElo "2630"]
[BlackElo "2554"]
[Annotator "Dautov,R"]
[PlyCount "51"]
[EventDate "2001.11.27"]
[EventType "k.o."]
[EventRounds "7"]
[EventCountry "RUS"]
[SourceTitle "CBM 086"]
[Source "ChessBase"]
[SourceDate "2002.02.05"]
[SourceVersion "1"]
[SourceVersionDate "2002.02.05"]
[SourceQuality "1"]

1. d4 {Huzman} d5 2. c4 dxc4 {Eine Überraschung! Normalerweise spielt Dmitry
Wolga-Gambit oder Modern Benoni.} 3. Nf3 e6 4. e3 Nf6 5. Bxc4 c5 6. O-O a6 7.
Bb3 b5 8. a4 b4 9. Nbd2 Bb7 10. e4 Be7 $1 {Eine Idee von R.Ponomariov. Schwarz
strebt die schnelstmögliche Entwicklung an.} ({Die geläufige Fortsetzung} 10...
cxd4 11. e5 Nfd7 12. Nc4 {ist nicht ungefährlich für Schwarz. Z.B.} Nc5 (12...
Nc6 13. Bg5 Qc7 14. Rc1 $36) 13. Bg5 f6 14. exf6 gxf6 15. Nxd4 $3 Qd5 16. Nd6+
Qxd6 17. Qh5+ Kd7 18. Bxf6 Nxb3 19. Nxb3 Rg8 20. Qf7+ Be7 21. Qxg8 $18 {
Gershon-Svetushkin/Erevan 2000}) 11. e5 ({Nicht viel verspricht Weiß} 11. dxc5
O-O 12. Qc2 Nfd7 13. Bc4 Nxc5 14. b3 Nc6 15. Bb2 Qc7 16. Rac1 Rfd8 17. Rfe1
Rac8 18. Bf1 Na5 19. Bd4 Qb8 $11 {Barsov,A-Lautier,J/Bastia 2001}) 11... Nfd7 (
11... Ne4 {Huzman} 12. Nxe4 Bxe4 13. Qe2 Bb7 14. dxc5 Qc7 15. Be3 Nd7 16. Rfc1
O-O 17. a5 Rfc8 18. c6 Bxc6 19. Ba4 Qb7 20. Bxc6 Rxc6 21. Rxc6 Qxc6 22. Rc1 Qb7
$11 {0-1 Shumiakina,T-Skripchenko,A/YUG t-ch w 1999 (42)}) 12. Nc4 O-O {
Am Schlagen auf d4 gespart, konnte Schwarz seinen König in Sicherheit bringen
und den unangenehmen Ausfall Bc1-g5 verhindern. Diese Stellung wurde bisher in
zwei Partien Dreev-Ponomariov diskutiert und es sieht so aus, als ob Schwarz
zumindest keine Probleme hätte.} 13. Bc2 ({Nach} 13. Nd6 Bxd6 14. exd6 cxd4 15.
Bg5 $6 (15. Nxd4) 15... Bxf3 16. Qxf3 Qxg5 17. Qxa8 Nc5 18. Qf3 Nbd7 19. Rad1
Ne5 $15 {bekam Schwarz Vorteil in Dreev,A-Ponomariov,R/Panormo 2001.}) 13...
cxd4 $1 $146 {Wie ich erst nach der Rartie erfuhr, wurde diese Neuerung von
Ponomariov in seinen Kommentaren im "Schach" 11/2001 als die beste Fortsetzung
angegeben.} (13... Nc6 $6 14. dxc5 (14. Nd6 $1 Bxd6 15. exd6 cxd4 16. Nxd4 {
ist laut Ponomariov am besten.}) ({ich selbst wollte mich des Fritz-Vorschlages
} 14. Qd3 g6 15. Bh6 Re8 16. dxc5 Nxc5 17. Qe3 $14 {bedienen.}) 14... Nxc5 15.
Nd6 b3 16. Bb1 Qc7 17. Be3 Nxe5 18. Nxb7 Nxf3+ 19. Qxf3 Qxb7 20. Qxb7 Nxb7 21.
Be4 Rab8 22. Ba7 Nc5 $15 {Dreev,A-Ponomariov,R/Yerevan 2001}) 14. Nxd4 $5 {
Mit Überraschungen konfrontiert, entschloß ich mich, einen Bauern zu opfern,
um ein Endspiel zu erreichen.} (14. Qxd4 b3 $1 15. Bb1 (15. Bxb3 Bxf3 16. gxf3
Nc6 $36) 15... Bd5 16. Qd3 g6 17. Bh6 Re8 18. Qxb3 Nc6 19. Qc3 Bxc4 20. Qxc4
Ncxe5 21. Nxe5 Nxe5 $11 {So weit die Varianten von Ponomariov. Ich verwarf 14.
Qxd4 ebenfalls wegen 14..b3, jedoch ohne so weit zu rechnen.}) 14... Bd5 15.
Ne3 ({Die Varianten} 15. Qd3 g6 16. Re1 Qc7 {,}) ({und} 15. b3 Bxc4 16. bxc4
Nxe5 {sehen nicht sehr verlockend für Weiß aus.}) 15... Nxe5 16. Qh5 Ng6 {
Eine prinzipielle Antwort, Schwarz behält den Bauern.} ({Zu einer
ausgeglichenen Stellung führte} 16... g6 $5 17. Qxe5 Bd6 (17... Bf6 18. Nxe6 $1
Bxe6 19. Qe4 $14) 18. Nxe6 Bxe6 (18... fxe6 19. Qd4 Nc6 20. Qd1 $14) 19. Qe4
Ra7 $11) (16... f5 {Huzman} 17. Rd1 g6 18. Qe2 $16 {[%cal Gd1d8]}) 17. Nxd5 (
17. Rd1 $5 {Huzman} Ra7 18. Nxd5 Qxd5 19. Qxd5 exd5 20. Bb3 Rd7 21. Nf5 Rfd8
22. Be3 $44) 17... Qxd5 ({Wesentlich schwächer wäre} 17... exd5 $2 {, nach} 18.
Be3 (18. Rd1 $44 {Huzman}) 18... Bf6 19. Rad1 {wird Schwarz früher oder später
den Bauern d5 verlieren.}) 18. Qxd5 exd5 19. Bb3 {Diese Stellung strebte ich
mit dem Zug 15.Ne3 an. Meine Hoffnung war, daß das weiße Läuferpaar und die
Schwäche des Bauern d5 den geopferten Bauern kompensieren werden.} Bf6 (19...
Rd8 {Huzman} 20. Be3 $44) 20. Be3 Rd8 21. Rac1 {'©' Huzman. Huzman: 'Weakness
of pawn d5,control on "c" file and development advantage-all this factors
determine more than enough compensation for sacrificed pawn.'} Ne5 $2 {Die
Entscheidung den Bauern zurückzugeben ist falsch, Schwarz erreicht keinen
Ausgleich.} ({Am besten war} 21... Ne7 $1 {Schwarz verteidigt den Bauern d5
und ermöglicht die Entwicklung des Springers b8.} {Nach} 22. Rfd1 (22. Rc7 $2
Nd7 23. Rfc1 Nf8 $17) 22... Nd7 (22... Bxd4 $6 23. Bxd4 Nbc6 24. Bb6 Rd7 25. a5
$14) 23. Nc6 Nxc6 24. Rxc6 Ne5 (24... Bxb2 25. Rxd5 $44) 25. Rc2 d4 $11 26.
Bxd4 Rxd4 27. Rxd4 Nf3+ 28. gxf3 Bxd4 29. Rc4 Bxb2 30. Rxb4 Bc3 31. Rb7 Rf8 {
entsteht ein remisliches Endspiel.}) 22. Rfd1 Nc4 (22... Ng4 23. Bf4 $14) 23.
Bxc4 dxc4 24. Rxc4 $14 {'+/-' Huzman. Huzman: 'White are taking pawn back.
Their advantage now -in weaknesses of black pawns on the Q's side.' Das
Zurückopfern hat die Stellung des Schwarzen nur verschlechtert, er hat nach
wie vor Probleme mit der Entwicklung seines Springers.} Ra7 {'?' Huzman.} (
24... Nd7 $2 25. Rxb4 a5 26. Rb5 Nf8 27. Rd2 $16) (24... a5 25. Kf1 (25. Rcc1
Na6 26. Nc6 Rxd1+ 27. Rxd1 Bxb2 28. Nxa5 $14) (25. Rd2 {Huzman} Nd7 26. Nc6 Ne5
27. Nxe5 Rxd2 28. Bxd2 Bxe5 29. b3 Rd8 30. Kf1 {[%csl Ra5,Rb4]}) (25. Rdc1 {
Huzman} Nd7 26. Nc6 Bxb2 27. Rb1 Ne5 $17) 25... Nd7 $2 (25... Ra6 $5) 26. Nc6
Ne5 27. Rxd8+ Rxd8 28. Nxe5 Bxe5 29. Bb6 Ra8 30. b3 $16) 25. Rd2 a5 $4 {
Dieser Einsteller beendet vorzeitig die Partie.} (25... Rad7 $2 26. Rxb4 $16) (
25... Rb7 26. Nb3 $14) 26. Ne6 $1 (26. Ne6 Rxd2 27. Rc8+ Bd8 28. Bxd2 $18 fxe6
29. Rxd8+ Kf7 30. Rxb8 Rd7 31. Be1 $18) 1-0